Statystyki dla Hiszpania na Euro 2008

Kliknij tutaj aby rozwiązać quiz!

Ogólne statystyki

  • Ten quiz został rozwiązany 149 razy
  • Średni wynik to 13 z 24

Statystyki odpowiedzi

HintOdpowiedź% Poprawnych
1Real MadrytIker Casillas
99%
8FC BarcelonaXavi
96%
6FC BarcelonaAndres Iniesta
92%
9LiverpoolFernando Torres
91%
5FC BarcelonaCarles Puyol
90%
15Real MadrytSergio Ramos
89%
7ValenciaDavid Villa
84%
14LiverpoolXabi Alonso
81%
10Arsenal LondynCesc Fabregas
75%
23LiverpoolJose Reina
63%
21ValenciaDavid Silva
57%
11VillarealJoan Capdevilla
54%
TrenerVicente Del Bosque
47%
19VillarealMarcos Senna
45%
18LiverpoolAlvaro Arbeloa
44%
12VillarealSanti Cazorla
42%
4ValenciaCarlos Marchena
37%
2ValenciaRaul Albiol
37%
17MallorcaDaniel Guiza
28%
16Real SaragossaSergio Garcia
21%
22GetafeRuben De La Red
12%
13SevillaAndres Palop
11%
20Betis SevillaJuanito
8%
3MallorcaFernando Navarro
7%

Rozkład punktacji

Percentyl według liczby udzielonych odpowiedzi

Procent ludzi z każdym wynikiem

Twoja historia wyników

Nie rozwiązałeś tego quizu